000 00498nam a2200181 a 4500
020 _a0395405874 (pbk.)
040 _cDLC
082 0 0 _a658 HOU 1986 A054 Or.
100 1 _aSmith, Garry D.,
245 1 0 _aStrategy and business policy :
_bcases /
260 _aBoston :
_bHoughton Mifflin Co.,
_cc1986.
300 _axii, 447 p. :
_bill. ;
_c24 cm.
650 0 _aIndustrial management
650 0 _aStrategic planning
700 1 _aArnold, Danny R.,
700 1 _aBizzell, Bobby G.
942 _cEK
999 _c15177
_d15177